000 01238nam0a2200277 i 4500
001 RU\NLR\BIBL_A\010357131
005 20241103072926.0
035 _a(NLR Aleph) 010357131
090 _a10766397
_c10766397
100 _a20140515d2014 u y0rusy50 ca
101 0 _arus
102 _aRU
105 _ay|||j|||010yy
200 1 _aНаследники "Греческого проекта"
_e[сборник статей]
_fО-во греков РБ "Ксимерома"
_g[сост.: Е.А. Круглов-Мавридис, М.И. Роднов]
210 _aУфа
_d2014
215 _a130 с.
_d20
300 _aПамяти 70-летия трагической депортации греческого населения посвящается
320 _aБиблиогр. в подстроч. примеч.
606 _aГреки
_jСборники
_yУрал Южный
_92189416
_3RU\NLR\AUTH\6601552086
686 1 _aТ3(29=Гр)я43
702 1 _aКруглов-Мавридис
_bЕ.А.
_4220
712 0 2 _4570
_a"Ксимерома", общество греков Республики Башкортостан
_9402033
_3RU\NLR\AUTH\880367684
942 _cBOOK
980 _aNBR